Satbara V Hak Nond (Record no. 18199)

MARC details
000 -LEADER
fixed length control field 00403nam a2200157Ia 4500
008 - FIXED-LENGTH DATA ELEMENTS--GENERAL INFORMATION
fixed length control field 220803s9999 xx 000 0 und d
041 ## - LANGUAGE CODE
Language code of text/sound track or separate title eng
082 ## - DEWEY DECIMAL CLASSIFICATION NUMBER
Classification number 711.4 MAN
100 ## - MAIN ENTRY--PERSONAL NAME
Personal name Mankar S
9 (RLIN) 28886
245 ## - TITLE STATEMENT
Title Satbara V Hak Nond
260 ## - PUBLICATION, DISTRIBUTION, ETC. (IMPRINT)
Place of publication, distribution, etc. Pune
Name of publisher, distributor, etc. Chaudhari Law Publishers
Date of publication, distribution, etc. 2011
300 ## - PHYSICAL DESCRIPTION
Extent 288p
500 ## - GENERAL NOTE
Keywords Architecture
650 ## - SUBJECT ADDED ENTRY--TOPICAL TERM
Topical term or geographic name as entry element Urban Design / Planning
9 (RLIN) 28887
700 ## - ADDED ENTRY--PERSONAL NAME
Personal name Mankar S
9 (RLIN) 28886
Holdings
Withdrawn status Lost status Damaged status Not for loan Home library Current library Shelving location Date acquired Total Checkouts Full call number Barcode Date last seen Date last checked out Bill Date Koha item type Original Barcode
        Dr. Bhanuben Nanavati College of Architecture Dr. Bhanuben Nanavati College of Architecture   10/07/2012 1 711.4 MAN BNCA-DB-751 17/04/2025 17/04/2025 03/08/2022 Donated Book DB000751